Local Government Areas (LGAs) of the Gambia with a Map - Statistics

General Stats
  • This quiz has been taken 12 times
  • The average score is 3 of 8
Answers on the Map
Answers color-coded by a green-red scale on the quiz's map according to % correct below.
 
Answer Stats
Local government area % Correct
Banjul
100%
Brikama
44%
Janjanbureh
33%
Kerewan
22%
Kuntaur
22%
Mansakonko
22%
Basse
11%
Kanifing
11%
No matching quizzes found
Score Distribution
Percent of People with Each Score
Percentile by Number Answered
Your Score History
You have not taken this quiz